000 01635nam1a2200313 i 4500
001 RU\NLR\BIBL_A\011272196
005 20260406075320.0
010 _a9785813506406
035 _a(NLR Aleph) 011272196
090 _a10823805
_c10823805
100 _a20161103g20159999k y0rusy50 ca
101 0 _arus
102 _aRU
105 _a||||z||||||||
200 1 _aДендрохимия
_dDendrochemistry
_eхимия, нанохимия и биогеохимия компонентов клеток, тканей и органов древесных растений
_eмонография
_eв 2 т.
_fГ.Н. Кононов
_gМ-во образования и науки Рос. Федерации, Федер. гос. бюджет. образоват. учреждение высш. образования "Моск. гос. ун-т леса"
_zeng
210 _aМосква
_cИзд-во Московского государственного университета леса
_d2015
215 _d21
300 _aАвт. также на англ. яз.: G.N. Kononov
510 1 _6z92790
_aDendrochemistry
_zeng
606 1 _aДендрохимия
_92304929
_3RU\NLR\AUTH\6601605944
686 1 _aЕ572.5
686 1 _aП327
700 1 _8rus
_7ca
_aКононов
_bГ. Н.
_cканд. техн. наук
_gГеоргий Николаевич
_3RU\NLR\AUTH\7772849
_955777
790 1 _7ba
_8rus
_aKononov
_bG. N.
_cканд. техн. наук
_gGeorgij Nikolaevič
_3RU\NLR\AUTH\770165701
_9165654
852 _aNLR
_j2016-3/31762
942 _cBOOK
980 _aNBR